Famous Hungarians by Picture - Statistics

General Stats
  • This quiz has been taken 71 times
  • The average score is 6 of 16
Answer Stats
Picture Hint Answer % Correct
1963– Viktor Orbán
95%
1811–1886 Franz Liszt
79%
1927–2006 Ferenc Puskás
73%
1917–2016 Zsa Zsa Gabor
65%
2000– Dominik Szoboszlai
63%
1881–1945 Béla Bartók
45%
1944– Ernő Rubik
44%
1874–1926 Harry Houdini
35%
1882–1956 Bela Lugosi
24%
1926–2003 László Papp
23%
1929–2016 Imre Kertész
21%
1899–1985 László Bíró
19%
1938– István Szabó
10%
1913–1996 Paul Erdős
8%
1847–1911 Joseph Pulitzer
6%
1913–1954 Robert Capa
6%
No matching quizzes found
Score Distribution
Percent of People with Each Score
Percentile by Number Answered
Your Score History
You have not taken this quiz